000
00341pab a2200145 454500
008
180718b1984 xxu||||| |||| 00| 0 eng d
100
_a
Bose, Devabrata
245
_a
Looking ahead - the search for water
260
_c
1984
300
_a
45-8
362
_a
12 Nov.
650
_a
Water Supply - India
773
_a
Capital
909
_a
20620
999
_c
20620
_d
20620